000 00546ntaaa2200205 4500
003 01
005 20251027203042.0
008 0714s1973 ag 01
020 _a0311119042
040 _aAR-BaBN
_bspa
_cAR-BaBN
_eaacr
_dRIC
082 _a268.4340 C67c
100 _aColeman, Lucien E
_931662
245 _aComprendamos al adulto de hoy
250 _a1 ed.
260 _aEl Paso :
_bCBP,
_c1992
300 _a144 p ;
_c21 cm
500 _aContiene actividades personales de aprendizaje
650 _aEducacion Cristiana-Adultos
942 _cBK
999 _c25884
_d25884